[Event "Mazowiec-chT 1213"]
[Site "Poland"]
[Date "2013.02.17"]
[Round "7.11"]
[White "Choroszej, Aleksander"]
[Black "Borowicz, Przemyslaw"]
[Result "1-0"]
[WhiteElo "2097"]
[BlackElo "1984"]
[PlyCount "55"]
[EventDate "2013.01.13"]
[EventType "team-tourn"]
[EventRounds "10"]
[EventCountry "POL"]
[SourceTitle "EXT 2019"]
[Source "ChessBase"]
[SourceDate "2018.10.10"]
[SourceVersion "1"]
[SourceVersionDate "2018.10.10"]
[SourceQuality "1"]

1. d4 Nf6 2. c4 e6 3. Nc3 d5 4. Nf3 c6 5. e3 Nbd7 6. Qc2 Bd6 7. b3 0-0 8. Be2 Qe7 9. 0-0 e5 10. cxd5 e4 11. Nd2 cxd5 12. Nb5 Bb4 13. a3 Ba5 14. b4 Bd8 15. a4 a6 16. Nc3 Bc7 17. Ncxe4 Bxh2+ 18. Kxh2 Nxe4 19. Nxe4 dxe4 20. Ba3 Qh4+ 21. Kg1 Nf6 22. b5 Rd8 23. Be7 Rd5 24. bxa6 Rg5 25. Bd6 Nh5 26. Qc7 h6 27. axb7 Qh3 28. Qd8+ 1-0

[Event "Mazowiec-chT 1213"]
[Site "Poland"]
[Date "2013.01.13"]
[Round "1.20"]
[White "Harazinska, Ewa"]
[Black "Borowicz, Przemyslaw"]
[Result "1-0"]
[WhiteElo "2019"]
[BlackElo "1984"]
[PlyCount "59"]
[EventDate "2013.01.13"]
[EventType "team-tourn"]
[EventRounds "10"]
[EventCountry "POL"]
[SourceTitle "EXT 2019"]
[Source "ChessBase"]
[SourceDate "2018.10.10"]
[SourceVersion "1"]
[SourceVersionDate "2018.10.10"]
[SourceQuality "1"]

1. d4 Nf6 2. c4 g6 3. Nc3 d5 4. cxd5 Nxd5 5. e4 Nxc3 6. bxc3 Bg7 7. Be3 0-0 8. Rc1 c5 9. d5 Qa5 10. Qd2 Nd7 11. h3 b5 12. Bd3 b4 13. Ne2 bxc3 14. Nxc3 Ne5 15. Be2 Ba6 16. 0-0 Nc4 17. Bxc4 Bxc4 18. Rfd1 Rab8 19. Rc2 Rfc8 20. Rdc1 Qa6 21. Na4 Qxa4 22. Rxc4 Qa6 23. Rxc5 Rxc5 24. Rxc5 Rb1+ 25. Kh2 Qd6+ 26. g3 Qa6 27. Qc2 Qf1 28. Qxb1 Qxb1 29. Rc8+ Bf8 30. Bh6 1-0

[Event "Mazowiec-chT 1112"]
[Site "Poland"]
[Date "2012.02.26"]
[Round "10.18"]
[White "Maciaga, Marcin"]
[Black "Borowicz, Przemyslaw"]
[Result "1-0"]
[WhiteElo "2207"]
[BlackElo "1973"]
[PlyCount "83"]
[EventDate "2012.01.08"]
[EventType "team-tourn"]
[EventRounds "10"]
[EventCountry "POL"]
[SourceTitle "EXT 2019"]
[Source "ChessBase"]
[SourceDate "2018.10.10"]
[SourceVersion "1"]
[SourceVersionDate "2018.10.10"]
[SourceQuality "1"]

1. d4 d5 2. c4 c6 3. Nf3 Nf6 4. e3 e6 5. b3 Bd6 6. Bb2 Nbd7 7. Bd3 0-0 8. Nbd2 Qe7 9. Ne5 c5 10. 0-0 b6 11. Qf3 cxd4 12. exd4 Bb7 13. Qh3 h6 14. Rad1 Ne4 15. f4 Nxd2 16. Rxd2 Nxe5 17. fxe5 Ba3 18. Bxa3 Qxa3 19. Rdf2 dxc4 20. bxc4 Qb4 21. a3 Qa5 22. Rxf7 Rxf7 23. Qxe6 Raf8 24. Bg6 Qd2 25. Bxf7+ Kh8 26. d5 Qd4+ 27. Kh1 Qxc4 28. Rg1 Qf4 29. Bg6 Bc8 30. Qd6 Bh3 31. Be4 Rf6 32. Qd8+ Rf8 33. Qe7 Rf7 34. Qe8+ Rf8 35. Qg6 Bf5 36. Bxf5 Rxf5 37. e6 Rg5 38. Qd3 Rh5 39. h3 Qd6 40. Rc1 Qd8 41. d6 Re5 42. d7 1-0

[Event "Mazowiec-chT 1112"]
[Site "Poland"]
[Date "2012.02.05"]
[Round "5.25"]
[White "Choroszej, Aleksander"]
[Black "Borowicz, Przemyslaw"]
[Result "0-1"]
[WhiteElo "2070"]
[BlackElo "1973"]
[PlyCount "120"]
[EventDate "2012.01.08"]
[EventType "team-tourn"]
[EventRounds "10"]
[EventCountry "POL"]
[SourceTitle "EXT 2019"]
[Source "ChessBase"]
[SourceDate "2018.10.10"]
[SourceVersion "1"]
[SourceVersionDate "2018.10.10"]
[SourceQuality "1"]

1. d4 d5 2. c4 c6 3. e3 Nf6 4. Nc3 e6 5. Nf3 Nbd7 6. Qc2 Bd6 7. g4 Nxg4 8. Rg1 h5 9. h3 Qf6 10. hxg4 Qxf3 11. Be2 Qh3 12. gxh5 Nf6 13. Bd2 Nxh5 14. 0-0-0 Bh2 15. Bg4 Qh4 16. Rg2 Nf6 17. Be2 Bd6 18. Rxg7 Qxf2 19. Rf1 Qh4 20. e4 Nxe4 21. Nxe4 Qxe4 22. Qxe4 dxe4 23. Rfxf7 Rh1+ 24. Rf1 Rxf1+ 25. Bxf1 e5 26. Be3 exd4 27. Bxd4 Be6 28. Bf6 Bf7 29. Rg4 e3 30. Bh3 Bh5 31. Re4+ Kf7 32. Bc3 Rd8 33. Bg4 Bg6 34. Be6+ Kf8 35. Rg4 Bf7 36. Bxf7 Kxf7 37. Re4 Bg3 38. Kc2 Bf2 39. Rd4 Re8 40. Kd3 Kg6 41. Ke2 Re7 42. Be1 Rf7 43. Rg4+ Kf5 44. Rd4 Bxe1 45. Kxe1 Ke5 46. Rd8 Rf2 47. b3 Rxa2 48. Rd7 b6 49. c5 bxc5 50. Rc7 Kd5 51. Rd7+ Ke6 52. Rd3 e2 53. Rc3 Kd5 54. Rh3 Kd4 55. Rh4+ Kc3 56. Rc4+ Kd3 57. Rc1 a5 58. Kf2 Rd2 59. Re1 Rd1 60. Rxe2 Rd2 0-1

[Event "Rewal op-B 16th"]
[Site "Rewal"]
[Date "2011.08.27"]
[Round "8"]
[White "Borowicz, Przemyslaw"]
[Black "Musialkiewicz, Pawel"]
[Result "0-1"]
[WhiteElo "1989"]
[BlackElo "1961"]
[PlyCount "42"]
[EventDate "2011.08.18"]
[EventType "swiss"]
[EventRounds "9"]
[EventCountry "POL"]
[SourceTitle "CBM 144 Extra"]
[Source "ChessBase"]
[SourceDate "2011.10.28"]
[SourceVersion "1"]
[SourceVersionDate "2011.10.28"]
[SourceQuality "1"]

1. d4 d5 2. c4 c6 3. Nc3 Nf6 4. Nf3 e6 5. Bg5 dxc4 6. e4 b5 7. e5 h6 8. Bh4 g5 9. Nxg5 hxg5 10. Bxg5 Be7 11. exf6 Bxf6 12. Bxf6 Qxf6 13. g3 Na6 14. Bg2 Bb7 15. Nxb5 0-0-0 16. Nxa7+ Kb8 17. Nxc6+ Bxc6 18. Bxc6 Nb4 19. Be4 Rxd4 20. Qe2 Rxe4 21. Qxe4 Nd3+ 0-1

[Event "Rewal op-B 16th"]
[Site "Rewal"]
[Date "2011.08.24"]
[Round "5"]
[White "Kuspak, Aleksander"]
[Black "Borowicz, Przemyslaw"]
[Result "0-1"]
[WhiteElo "1862"]
[BlackElo "1989"]
[PlyCount "82"]
[EventDate "2011.08.18"]
[EventType "swiss"]
[EventRounds "9"]
[EventCountry "POL"]
[SourceTitle "CBM 144 Extra"]
[Source "ChessBase"]
[SourceDate "2011.10.28"]
[SourceVersion "1"]
[SourceVersionDate "2011.10.28"]
[SourceQuality "1"]

1. e4 c6 2. d4 d5 3. e5 Bf5 4. Ne2 e6 5. Ng3 Bg6 6. h4 h6 7. h5 Bh7 8. Bd3 Bxd3 9. cxd3 Qb6 10. Ne2 Ne7 11. Nbc3 Nd7 12. Qa4 f6 13. f4 0-0-0 14. Bd2 c5 15. Nb5 Nc6 16. Rc1 Kb8 17. Nd6 Bxd6 18. exd6 cxd4 19. b4 a6 20. 0-0 Nf8 21. Rb1 Na7 22. b5 axb5 23. Qb3 Rxd6 24. a4 Rc6 25. axb5 Rc5 26. Qa2 Rxb5 27. Rxb5 Qxb5 28. Ra1 Nc6 29. Qa8+ Kc7 30. Rc1 Kd7 31. Nxd4 Qb6 32. Be3 Qa7 33. Ra1 Qxa8 34. Rxa8 Ng6 35. Ra4 Nxd4 36. Rxd4 Ne7 37. Rb4 Kc7 38. Bb6+ Kc6 39. Bf2 b5 40. Kf1 Ra8 41. Ke2 Ra4 0-1

[Event "Rewal op-B 16th"]
[Site "Rewal"]
[Date "2011.08.23"]
[Round "4"]
[White "Borowicz, Przemyslaw"]
[Black "Szczecina, Kamil"]
[Result "1/2-1/2"]
[WhiteElo "1989"]
[BlackElo "1779"]
[PlyCount "118"]
[EventDate "2011.08.18"]
[EventType "swiss"]
[EventRounds "9"]
[EventCountry "POL"]
[SourceTitle "CBM 144 Extra"]
[Source "ChessBase"]
[SourceDate "2011.10.28"]
[SourceVersion "1"]
[SourceVersionDate "2011.10.28"]
[SourceQuality "1"]

1. d4 Nf6 2. c4 c5 3. e3 cxd4 4. exd4 e6 5. Nc3 d5 6. Bg5 dxc4 7. Bxc4 Be7 8. Nf3 0-0 9. 0-0 Nbd7 10. Ne5 a6 11. a4 Qa5 12. Qe2 Nb6 13. Bd3 Nbd5 14. Ne4 Rd8 15. Rfc1 Bd7 16. Nc5 Qb6 17. a5 Qa7 18. Nexd7 Nxd7 19. Bxe7 Nxe7 20. Nxe6 fxe6 21. Qxe6+ Kh8 22. Qxe7 Qxd4 23. Bf5 Ne5 24. Re1 Nd3 25. Bxd3 Qxd3 26. Qxb7 Rab8 27. Qe7 h6 28. Qe2 Qxe2 29. Rxe2 Rb5 30. Kf1 Rdd5 31. Ke1 Rxa5 32. Rxa5 Rxa5 33. Kd2 Kh7 34. Kc3 Rc5+ 35. Kb4 Rb5+ 36. Kc4 Rb6 37. b4 Rc6+ 38. Kd5 Rb6 39. Kc5 Rb5+ 40. Kc4 Rb6 41. Ra2 Rc6+ 42. Kd5 Rb6 43. Kc5 Rb5+ 44. Kc4 Rb6 45. Ra5 Rc6+ 46. Rc5 Re6 47. Rf5 Rc6+ 48. Kb3 Re6 49. h4 Re4 50. h5 Re2 51. g4 Re4 52. f3 Re1 53. Kc4 Rc1+ 54. Kd5 Rb1 55. Rf4 a5 56. bxa5 Ra1 57. Re4 Rxa5+ 58. Ke6 Ra6+ 59. Kf5 Rf6+ 1/2-1/2

[Event "Warsaw Najdorf Memorial op-B"]
[Site "Warsaw"]
[Date "2011.07.16"]
[Round "4"]
[White "Wrabel, Antoni"]
[Black "Borowicz, Przemyslaw"]
[Result "1/2-1/2"]
[WhiteElo "1739"]
[BlackElo "1989"]
[PlyCount "162"]
[EventDate "2011.07.14"]
[EventType "swiss"]
[EventRounds "9"]
[EventCountry "POL"]
[SourceTitle "EXT 2012"]
[Source "ChessBase"]
[SourceDate "2011.11.24"]
[SourceVersion "1"]
[SourceVersionDate "2011.11.24"]
[SourceQuality "1"]

1. e4 c6 2. d4 d5 3. exd5 cxd5 4. Bd3 Nf6 5. Nf3 Bg4 6. c3 Nbd7 7. h3 Bh5 8. Bf4 Qb6 9. b3 Rc8 10. 0-0 e6 11. Qe2 Be7 12. Rc1 0-0 13. Nbd2 Bd6 14. Bxd6 Qxd6 15. Qe3 Rfe8 16. Ne5 Bg6 17. Bb5 a6 18. Bxd7 Nxd7 19. Nxg6 hxg6 20. f4 Nf6 21. Nf3 Ne4 22. Ne5 Qa3 23. c4 Qb2 24. c5 Qd2 25. Qxd2 Nxd2 26. Rc2 Ne4 27. Rac1 Ng3 28. Kf2 Nf5 29. Nf3 Ne7 30. b4 Kf8 31. a4 Nc6 32. Rb2 Ra8 33. Rcb1 f6 34. b5 Na5 35. Nd2 Re7 36. Rc2 Rc7 37. Ke3 Ke7 38. Kd3 Kd7 39. Rbc1 Rac8 40. Rb2 axb5 41. axb5 b6 42. Ra1 Nc4 43. c6+ Kd6 44. Nxc4+ dxc4+ 45. Kxc4 e5 46. dxe5+ fxe5 47. Rd2+ Ke6 48. Re1 Kf5 49. fxe5 Re7 50. g4+ Kf4 51. e6 Rce8 52. Rf2+ Kg3 53. Rf7 Rxe6 54. Rxe6 Rxe6 55. Kd5 Re2 56. Rb7 Kxh3 57. Rxb6 Rc2 58. Kd6 Rd2+ 59. Ke7 Rc2 60. Kf7 g5 61. Kg6 Kxg4 62. Rb7 Kf4 63. Rxg7 Ke5 64. Kxg5 Kd6 65. Rd7+ Kc5 66. Rb7 Kd6 67. Rd7+ Kc5 68. Rb7 Kd6 69. Kf5 Rc4 70. Kf6 Rf4+ 71. Kg7 Rc4 72. Kf7 Rf4+ 73. Ke8 Rh4 74. Rf7 Rh3 75. Rd7+ Kc5 76. c7 Rh8+ 77. Ke7 Rc8 78. b6 Kxb6 79. Kd6 Kb7 80. Rh7 Rg8 81. Kd7 Rc8 1/2-1/2

[Event "POL-chT3 Mazowiecki"]
[Site "Warsaw"]
[Date "2011.03.06"]
[Round "7.24"]
[White "Borowicz, Przemyslaw"]
[Black "Panczyk, Krzysztof"]
[Result "0-1"]
[WhiteElo "2004"]
[BlackElo "2334"]
[PlyCount "84"]
[EventDate "2011.01.09"]
[EventType "team-tourn"]
[EventRounds "10"]
[EventCountry "POL"]
[SourceTitle "EXT 2015"]
[Source "ChessBase"]
[SourceDate "2014.11.20"]
[SourceVersion "1"]
[SourceVersionDate "2014.11.20"]
[SourceQuality "1"]
[WhiteTeam "Piastow Roszmeni"]
[BlackTeam "Siedlce KSz Skoczek"]
[WhiteTeamCountry "POL"]
[BlackTeamCountry "POL"]

1. d4 Nf6 2. c4 e6 3. Nc3 Bb4 4. Qc2 c5 5. e3 cxd4 6. exd4 Nc6 7. Nf3 0-0 8. Bd3 d5 9. cxd5 exd5 10. Be3 Re8 11. 0-0 Bg4 12. Nd2 Rc8 13. Qb3 Qd7 14. a3 Bd6 15. g3 Bb8 16. Na4 Na5 17. Qb4 Nc6 18. Qb3 Ne4 19. Bb5 Nxd2 20. Bxd2 Qf5 21. Bxc6 bxc6 22. Rfe1 Be2 23. Rac1 Qg4 24. Qc3 h5 25. Nc5 h4 26. f4 g5 27. Kf2 Qh3 28. Rh1 Bh5 29. Qd3 Re2+ 30. Qxe2 Bxe2 31. Kxe2 gxf4 32. gxf4 Re8+ 33. Kf2 f6 34. Rc3 Qf5 35. Rg1+ Kf7 36. Na6 Qe4 37. Re1 Qxd4+ 38. Be3 Rxe3 39. Rexe3 Bxf4 40. b4 Bxe3+ 41. Rxe3 Qf4+ 42. Rf3 Qxh2+ 0-1

[Event "Warsaw Najdorf Memorial op-B"]
[Site "Warsaw"]
[Date "2010.07.20"]
[Round "4"]
[White "Erzhanov, Arman"]
[Black "Borowicz, Przemyslaw"]
[Result "1-0"]
[WhiteElo "2363"]
[BlackElo "2001"]
[PlyCount "59"]
[EventDate "2010.07.17"]
[EventType "swiss"]
[EventRounds "9"]
[EventCountry "POL"]
[SourceTitle "CBM 137 Extra"]
[Source "ChessBase"]
[SourceDate "2010.09.01"]
[SourceVersion "1"]
[SourceVersionDate "2010.09.01"]
[SourceQuality "1"]

1. e4 c6 2. d4 d5 3. exd5 cxd5 4. c4 Nf6 5. Nc3 e6 6. c5 Nc6 7. Nf3 Be7 8. Bb5 Bd7 9. 0-0 0-0 10. Bf4 Ne4 11. Rc1 Qa5 12. Bxc6 Bxc6 13. a3 b6 14. Ne5 Nxc3 15. Rxc3 Ba4 16. Qg4 g6 17. Bh6 bxc5 18. dxc5 Bf6 19. Qf4 Bg7 20. Rh3 Qc7 21. Bxg7 Kxg7 22. Qh6+ Kf6 23. Qf4+ Kg7 24. Qh6+ Kf6 25. Rf3+ Ke7 26. Nxf7 Qxc5 27. Qh4+ g5 28. Nxg5 Qc4 29. Ne4+ Kd7 30. Qxh7+ 1-0

[Event "Mazowiec-chT 0910"]
[Site "Mazowsze"]
[Date "2010.05.09"]
[Round "11.14"]
[White "Borowicz, Przemyslaw"]
[Black "Bugajski, Robert"]
[Result "1/2-1/2"]
[WhiteElo "1959"]
[BlackElo "2209"]
[PlyCount "47"]
[EventDate "2009.11.29"]
[EventType "team-tourn"]
[EventRounds "11"]
[EventCountry "POL"]
[SourceTitle "EXT 2011"]
[Source "ChessBase"]
[SourceDate "2010.11.26"]
[SourceVersion "1"]
[SourceVersionDate "2010.11.26"]
[SourceQuality "1"]

1. d4 d5 2. c4 c6 3. Nc3 Nf6 4. Nf3 e6 5. Bg5 h6 6. Bxf6 Qxf6 7. e3 Nd7 8. Bd3 g6 9. 0-0 Bg7 10. e4 dxc4 11. e5 Qe7 12. Bxc4 0-0 13. Qe2 a6 14. Rac1 c5 15. d5 Nb6 16. d6 Qd8 17. Bd3 Nd7 18. h4 h5 19. a4 b6 20. Be4 Ra7 21. Bc6 Nb8 22. Be4 Nd7 23. Bc6 Nb8 24. Be4 1/2-1/2

[Event "Warsaw YMCA Summer-B 64th"]
[Site "Warsaw"]
[Date "2009.09.02"]
[Round "9"]
[White "Szukalski, Antoni"]
[Black "Borowicz, Przemyslaw"]
[Result "1-0"]
[WhiteElo "1914"]
[BlackElo "2009"]
[PlyCount "65"]
[EventDate "2009.07.08"]
[EventType "tourn"]
[EventRounds "9"]
[EventCountry "POL"]
[SourceTitle "EXT 2011"]
[Source "ChessBase"]
[SourceDate "2010.11.26"]
[SourceVersion "1"]
[SourceVersionDate "2010.11.26"]
[SourceQuality "1"]

1. e4 c6 2. Nf3 d5 3. exd5 cxd5 4. d4 Nf6 5. Bd3 Nc6 6. c3 Qb6 7. Nbd2 Bg4 8. h3 Bh5 9. Be2 e6 10. Qa4 Bd6 11. 0-0 0-0 12. Re1 Rfe8 13. Bd3 e5 14. Bb5 exd4 15. Rxe8+ Rxe8 16. cxd4 Ne4 17. g4 Bg6 18. Nb3 Re6 19. Be3 Rf6 20. Nbd2 Bb8 21. Rc1 Qc7 22. Ne5 Nxd2 23. Bxd2 Re6 24. Bxc6 bxc6 25. Rxc6 Rxc6 26. Qxc6 Qxc6 27. Nxc6 Bd6 28. Nxa7 f5 29. Nb5 Bb8 30. Nc3 fxg4 31. hxg4 Ba7 32. Be3 Bf7 33. a4 1-0

[Event "Warsaw YMCA Summer-B 64th"]
[Site "Warsaw"]
[Date "2009.08.05"]
[Round "5"]
[White "Bielecki, Pawel"]
[Black "Borowicz, Przemyslaw"]
[Result "1-0"]
[WhiteElo "1986"]
[BlackElo "2009"]
[PlyCount "71"]
[EventDate "2009.07.08"]
[EventType "tourn"]
[EventRounds "9"]
[EventCountry "POL"]
[SourceTitle "EXT 2011"]
[Source "ChessBase"]
[SourceDate "2010.11.26"]
[SourceVersion "1"]
[SourceVersionDate "2010.11.26"]
[SourceQuality "1"]

1. e4 c6 2. d4 d5 3. e5 Bf5 4. Nc3 e6 5. g4 Bg6 6. Nge2 h6 7. Be3 Qb6 8. Bg2 Qxb2 9. Rb1 Qxc2 10. Qxc2 Bxc2 11. Rxb7 Nd7 12. Kd2 Bh7 13. Na4 Nb6 14. Nxb6 axb6 15. Rc1 Ne7 16. Rxb6 Rxa2+ 17. Ke1 Kd7 18. Nc3 Ra8 19. Bf1 Kc7 20. Rb3 Nc8 21. Bd2 Nb6 22. Nb5+ Kb7 23. Nd6+ Bxd6 24. exd6 Ra2 25. Bb4 Nd7 26. Ba5+ Ka8 27. Bc7 Nb8 28. Rcc3 Ra1+ 29. Kd2 Ra2+ 30. Ke3 Ra7 31. Bb6 Rd7 32. Ra3+ Kb7 33. Rcb3 Kc8 34. Ra8 Kb7 35. Ra7+ Kc8 36. Bc7 1-0

[Event "Warsaw YMCA Summer-B 64th"]
[Site "Warsaw"]
[Date "2009.07.28"]
[Round "1"]
[White "Pekacki, Stanislaw"]
[Black "Borowicz, Przemyslaw"]
[Result "1-0"]
[WhiteElo "1910"]
[BlackElo "2009"]
[PlyCount "73"]
[EventDate "2009.07.08"]
[EventType "tourn"]
[EventRounds "9"]
[EventCountry "POL"]
[SourceTitle "EXT 2011"]
[Source "ChessBase"]
[SourceDate "2010.11.26"]
[SourceVersion "1"]
[SourceVersionDate "2010.11.26"]
[SourceQuality "1"]

1. e4 c6 2. d4 d5 3. Nc3 dxe4 4. Nxe4 Nd7 5. Bc4 Ngf6 6. Ng5 e6 7. Qe2 Nb6 8. Bb3 h6 9. N5f3 Qc7 10. Ne5 c5 11. Ngf3 cxd4 12. Nxd4 a6 13. 0-0 Bd6 14. Bf4 Nbd5 15. Bg3 0-0 16. Rad1 b6 17. Rfe1 Bb7 18. c4 Ne7 19. c5 bxc5 20. Nxe6 fxe6 21. Bxe6+ Kh7 22. Qd3+ Ne4 23. Rxe4 Bxe4 24. Qxe4+ g6 25. Nd7 Bxg3 26. Nxf8+ Rxf8 27. hxg3 Rd8 28. Re1 Nc6 29. Bc4 Rd7 30. Qe6 Rg7 31. Rd1 a5 32. Qe8 Nd4 33. Re1 Qd6 34. Re5 Nf5 35. Rd5 Re7 36. Qa8 Qf6 37. Rxf5 1-0

[Event "Warsaw Najdorf Memorial op-A"]
[Site "Warsaw"]
[Date "2009.07.25"]
[Round "8"]
[White "Adamski, Jan"]
[Black "Borowicz, Przemyslaw"]
[Result "1-0"]
[WhiteElo "2276"]
[BlackElo "2009"]
[PlyCount "79"]
[EventDate "2009.07.18"]
[EventType "swiss"]
[EventRounds "9"]
[EventCountry "POL"]
[SourceTitle "CBM 131 Extra"]
[Source "ChessBase"]
[SourceDate "2009.09.03"]
[SourceVersion "2"]
[SourceVersionDate "2009.09.16"]
[SourceQuality "1"]

1. Nf3 Nf6 2. c4 e6 3. g3 d5 4. Bg2 c6 5. Qc2 Nbd7 6. d4 Bd6 7. Nbd2 0-0 8. 0-0 Qe7 9. b3 e5 10. cxd5 cxd5 11. dxe5 Nxe5 12. Bb2 Bg4 13. Bxe5 Bxe5 14. Nxe5 Qxe5 15. Nf3 Qe4 16. Qd2 Rfe8 17. Nd4 Qe5 18. Rac1 Rac8 19. e3 Ne4 20. Qd3 Bh5 21. h3 Bg6 22. Qe2 Nc3 23. Qb2 Nb5 24. Rxc8 Rxc8 25. Rc1 Re8 26. Rd1 Be4 27. Qd2 Nd6 28. Ne2 Bxg2 29. Kxg2 Qe4+ 30. Kg1 Qf3 31. Nc3 Ne4 32. Nxe4 dxe4 33. Qd7 Kf8 34. Qd6+ Kg8 35. Qd7 Kf8 36. Rd5 Qf6 37. Qxb7 Qa1+ 38. Kg2 Qxa2 39. Qb4+ Kg8 40. Qe7 1-0

[Event "Warsaw Najdorf Memorial op-A"]
[Site "Warsaw"]
[Date "2009.07.18"]
[Round "1"]
[White "Borowicz, Przemyslaw"]
[Black "Jedryczka, Krystian"]
[Result "1-0"]
[WhiteElo "2009"]
[BlackElo "2244"]
[PlyCount "133"]
[EventDate "2009.07.18"]
[EventType "swiss"]
[EventRounds "9"]
[EventCountry "POL"]
[SourceTitle "CBM 131 Extra"]
[Source "ChessBase"]
[SourceDate "2009.09.03"]
[SourceVersion "2"]
[SourceVersionDate "2009.09.16"]
[SourceQuality "1"]

1. d4 c5 2. d5 g6 3. c4 Bg7 4. e4 Qa5+ 5. Bd2 Qb6 6. Nc3 d6 7. f4 a6 8. Rb1 Nf6 9. Nf3 0-0 10. Bd3 e6 11. Na4 Qd8 12. 0-0 exd5 13. exd5 b5 14. Nc3 bxc4 15. Bxc4 Bf5 16. Rc1 Nbd7 17. a4 Nb6 18. Ba2 Bd3 19. Re1 Nc4 20. Bxc4 Bxc4 21. Be3 Rb8 22. Rb1 Ng4 23. Nd2 Qh4 24. Nxc4 Qxh2+ 25. Kf1 Qh1+ 26. Bg1 Bd4 27. Qxg4 Qxg1+ 28. Ke2 Rfe8+ 29. Kd2 Qf2+ 30. Ne2 Be3+ 31. Kd3 Bxf4 32. Qxf4 Rb3+ 33. Kc2 Rxe2+ 34. Rxe2 Qxf4 35. Kxb3 Qg3+ 36. Ne3 Qe5 37. Rbe1 Qe4 38. Nc2 Qxd5+ 39. Ka3 Qd3+ 40. Ka2 d5 41. Rf2 Qc4+ 42. b3 Qh4 43. Re8+ Kg7 44. Rf3 c4 45. Ne3 Qd4 46. Re7 Qd2+ 47. Kb1 Qe1+ 48. Kb2 c3+ 49. Ka3 Qc1+ 50. Kb4 c2 51. Rfxf7+ Kh6 52. Rxh7+ Kg5 53. Nxc2 Qxc2 54. Re5+ Kf6 55. Rxd5 Qe4+ 56. Kc5 Qe3+ 57. Kc4 Qe2+ 58. Kc3 Qe1+ 59. Rd2 Qe5+ 60. Kc2 Qc5+ 61. Kb2 Qe5+ 62. Ka2 a5 63. Rhd7 Qc3 64. R7d6+ Kf7 65. g4 g5 66. Rf2+ Kg7 67. Rd7+ 1-0

[Event "Milanowek op"]
[Site "Milanowek"]
[Date "2009.06.25"]
[Round "6"]
[White "Wyszomirski, Krzysztof"]
[Black "Borowicz, Przemyslaw"]
[Result "0-1"]
[WhiteElo "1683"]
[BlackElo "1996"]
[PlyCount "76"]
[EventDate "2009.06.20"]
[EventType "swiss"]
[EventRounds "9"]
[EventCountry "POL"]
[SourceTitle "CBM 131 Extra"]
[Source "ChessBase"]
[SourceDate "2009.09.03"]
[SourceVersion "2"]
[SourceVersionDate "2009.09.16"]
[SourceQuality "1"]

1. e4 e6 2. d4 d5 3. Nc3 Bb4 4. e5 c5 5. a3 Bxc3+ 6. bxc3 Ne7 7. h4 Qc7 8. Bd2 Nbc6 9. Nf3 Bd7 10. Bd3 c4 11. Be2 f6 12. Bf4 Ng6 13. Bg3 fxe5 14. Nxe5 Ngxe5 15. dxe5 0-0 16. 0-0 Rf7 17. f4 Raf8 18. Bh5 g6 19. Bg4 Nxe5 20. Be2 Nc6 21. Kh2 Qd8 22. Kh1 Ne7 23. h5 Nf5 24. Rf3 Nxg3+ 25. Rxg3 Qh4+ 26. Rh3 Qxf4 27. hxg6 hxg6 28. Bf3 Rh7 29. Rxh7 Kxh7 30. Qe1 Kg7 31. Rd1 Rh8+ 32. Kg1 Qh2+ 33. Kf2 Qh4+ 34. g3 Qh2+ 35. Kf1 Rf8 36. Qe5+ Kh7 37. Qe3 e5 38. Ke1 Qxg3+ 0-1

[Event "Milanowek op"]
[Site "Milanowek"]
[Date "2009.06.23"]
[Round "4"]
[White "Adamski, Jan"]
[Black "Borowicz, Przemyslaw"]
[Result "1-0"]
[WhiteElo "2300"]
[BlackElo "1996"]
[PlyCount "109"]
[EventDate "2009.06.20"]
[EventType "swiss"]
[EventRounds "9"]
[EventCountry "POL"]
[SourceTitle "CBM 131 Extra"]
[Source "ChessBase"]
[SourceDate "2009.09.03"]
[SourceVersion "2"]
[SourceVersionDate "2009.09.16"]
[SourceQuality "1"]

1. Nf3 Nf6 2. c4 c6 3. Nc3 d5 4. e3 e6 5. d4 Nbd7 6. Qc2 Bd6 7. b3 0-0 8. Be2 e5 9. cxd5 Nxd5 10. Nxd5 cxd5 11. dxe5 Nxe5 12. Bb2 Nxf3+ 13. Bxf3 Bb4+ 14. Kf1 Be6 15. h4 Rc8 16. Qd3 Be7 17. g3 Bf6 18. Bd4 Bxd4 19. Qxd4 Rc2 20. Kg2 Qa5 21. a4 Rd2 22. b4 Rxd4 23. bxa5 Rc4 24. Rhb1 Rc7 25. Rb4 Rd8 26. Rab1 Rc5 27. Rb5 Rxb5 28. Rxb5 Bc8 29. Bxd5 b6 30. axb6 axb6 31. e4 Bd7 32. Rb4 Kf8 33. Kf3 Ke7 34. Ke3 f6 35. h5 Rc8 36. Rxb6 Bxa4 37. h6 gxh6 38. Re6+ Kf8 39. Rxf6+ Kg7 40. Ra6 Bb5 41. Ra5 Bf1 42. Ra7+ Kg6 43. e5 Kf5 44. Be4+ Kxe5 45. f4+ Kf6 46. Rxh7 Rc3+ 47. Kf2 Bb5 48. Rxh6+ Kg7 49. Rg6+ Kf7 50. Rb6 Bd7 51. Rb7 Ke6 52. Bf5+ Kxf5 53. Rxd7 Ra3 54. Rd5+ Kf6 55. Re5 1-0